Artilharia da Copa do Mundo de 2018 - Statistics

Estatísticas Gerais
  • Esse quiz foi jogado 175 vezes
  • A pontuação média é 12 de 17
Estatísticas das Respostas
Seleção Jogador Gols % Correto
Inglaterra Harry Kane 6
99%
Portugal Cristiano Ronaldo 4
97%
Bélgica Lukaku 4
96%
França Mbappé 4
96%
Croácia Modric 2
96%
Brasil Neymar 2
93%
França Griezmann 4
83%
Uruguai Cavani 3
79%
Brasil Coutinho 2
77%
Bélgica Eden Hazard 3
76%
Croácia Mandzukic 4
74%
Croácia Perisic 3
63%
Argentina Agüero 2
58%
Espanha Diego Costa 3
46%
Colômbia Y. Mina 3
32%
Russia Cheryshev 4
28%
Russia Dzyuba 3
22%
Nenhum quiz correspondente encontrado
Distribuição das Pontuações
Porcentagem de Pessoas com Cada Pontuação
Percentil de Números Respondidos
Sua Pontuação Histórica
Você não jogou esse quiz